000 00419nam a22001337a 4500
003 SGT
020 _a8185720916
082 _a891.4309
_bO97P
100 _aप्रभाकर, चंद्रप्रकाश
245 _a औं सां : सु ची और बर्मा की जनक्रांति
260 _bइरावदी प्रकाशन
_c1997
300 _a555
942 _2ddc
_cBK
999 _c31406
_d31406